000 00404nam a2200169Ia 4500
100 _aMunakata/Toshinori
650 _aArtificial Intelligence
250 _a2
942 _cBK
366 _f27
654 _aartificial intelligence
245 _aFundamentals of the new artificial intelligence:Neural
260 _bSpringer
_c2008
082 _bMUN
300 _a255
546 _aENGLISH
_cComputers
999 _c31977
_d31977